000 00403cam a2200157ua 4500
041 _aeng
_h
082 _a824
_bMAC/FR
100 _aGardiner, S R .
245 _aFrancis Bacon selections /
_cS R Gardiner.
_hTextual Documents
260 _aLondon :
_bOxford at the Clarendon Press ,
_c1958.
300 _a192 ; .
504 _a
700 1 _aMacaulay, .
942 _cBK
999 _c11573
_d11573